Quel Dom/Tom insulaire... ? - Statistiques

Statistiques générales
  • Ce quiz a été pris 54 fois
  • Le résultat moyen est 7 sur 12
Statistiques - réponses
Hint Réponse % Correct
Le Chef-Lieu de l'île est Fort de France Martinique
96%
Archipel de 1628 km² connu pour sa forme de papillon aux ailes déployées Guadeloupe
92%
L'île est la plus orientale de l'archipel des Comores, mais la plus proche des côtes nord-ouest de Madagascar distantes d'environ 300 km. Mayotte
79%
L’île se divise entre la France et les Pays Bas Saint Martin
71%
À la suite des trois référendums qui ont tous rejeté l'indépendance, des négociations se sont ouvertes en 2022 sur l'établissement d'un nouveau statut pour des îles au sein de la République française Nouvelle-Calédonie
63%
Elle fut la plaque tournante de la contrebande d'alcool dans les années 20 Saint Pierre et Miquelon
58%
Sa monnaie est le Franc-Pacifique. Polynésie Française
56%
A l’origine Ouanalao en caribéen, l’île fut abordée par Christophe Colomb en 1493 qui la baptise ainsi en l’honneur de son frère Saint Barthélémy
42%
Les américains y installent une base militaire durant la Seconde Guerre mondiale, l’île connaît une crise politique profonde depuis 2005 à cause d'un conflit autour de la succession du Lavelua (souverain) Wallis et Futuna
40%
On l’a surnomme l’Île Bourbon île de la Réunion
35%
Parfois qualifié d'atoll le plus isolé du monde (à 1 081 km des premières côtes continentales), il est le seul territoire que possède la France dans l'océan Pacifique nord. Clipperton
31%
Revendiqué par Maurice, elle a été le théâtre d’un naufrage d’un bateau français, ou les esclaves furent abandonné sur l’île pendant 15 ans Tromelin
6%
Aucun quiz correspondant
Distribution des résultats
% des personnes avec chaque résultat
Percentile par nombre de réponses
Votre historique - résultats
Vous n’avez pas pris ce quiz